000 01088nas a2200349 4500
001 BR0501220
003 BR-BrBNA
005 20231205105214.0
007 ta
008 230509b bl.|||p| |||| 00| 00por d
040 _aBR-BrBNA
_bpor
_cBiblioteca Nacional de Agricultura
041 _a(Pt)
072 _aL73; L70; L40
100 1 _aTinto, J.J.M.
100 1 _aAlves, G.E.S.
100 1 _aFaleiros, R.R.
100 1 _aSantos, R.L.
100 1 _aMarques Júnior, A.P.
100 1 _aMelo, E.G.
245 1 _aUtilização de hidrocortisona em eqüinos submetidos a isquemia e reperfusão no jejuno e suas consequências sobre o cório laminar
650 _aEQÜINO
650 _aLESÃO
650 _aJEJUNO
650 _aANESTESIA
650 _aDOENÇA ANIMAL
650 _aDIAGNÓSTICO
650 _aMICROSCOPIA ÓTICA
650 _aHISTOLOGIA ANIMAL
773 0 _tArquivo Brasileiro de Medicina Veterinária e Zootecnia (Brazil)
_xISSN 0102-0935
_g(Jun 2004), v. 56(3) p. 292-299
_wBR0501220
909 _a202311
_bLúcia
_c55
_dLúcia Elande
942 _2AGRIS
_n0
_cANA
999 _c181762
_d181762